Las siete tragedias [de Esquilo] /

Gorde:
Xehetasun bibliografikoak
Egile nagusia: Esquilo (autor)
Beste egile batzuk: Garibay K., Angel María (introducción y traducción) (introducción y traducción)
Formatua: Liburua
Hizkuntza:gaztelania
Argitaratua: México : Porrúa, 2007, c2007
Edizioa:26a edición
Saila:(Sepan Cuántos ; 11)
Gaiak:
Etiketak: Etiketa erantsi
Etiketarik gabe, Izan zaitez lehena erregistro honi etiketa jartzen!

MARC

LEADER 00000nam^a2200000^a^4500
001 000315753
005 20250521000000.0
009 20260310113254.469
020 |a 970-07-7246-2 
037 |a Acervo Xavier Clavigero 
041 |a ESP 
082 |a 082.  |b POR V. 11 
100 |a Esquilo  |e (autor) 
240 1 5 |a [Los persas] 
240 1 5 |a [Los siete contra Tebas] 
240 1 5 |a [Las suplicantes, de Esquilo] 
240 1 1 |a [Prometeo encadenado] 
240 1 1 |a [Agamenón] 
240 1 5 |a [Las Coéforas] 
240 1 5 |a [Las Euménides] 
240 1 4 |a [La Orestíada] 
240 1 5 |a [Las siete tragedias de Esquilo] 
245 1 4 |a Las siete tragedias [de Esquilo] /  |c Esquilo ; introd. y tr. por A.M. Garibay K. 
250 |a 26a edición 
264 4 |a México :  |b Porrúa,  |c 2007, c2007 
300 |a XXXI, 219 p. 
336 |a texto  |b txt  |2 rdacontenido 
337 |a sin mediación  |b n  |2 rdamedio 
338 |a volumen  |b nc  |2 rdasoporte 
440 1 |a (Sepan Cuántos ;  |v 11) 
545 0 |a Esquilo (525-456 a.C.) trágico griego. Fue actor, músico y poeta. Participó en las guerras persas, hecho que contribuyó a definir su visión de la historia y del papel de Atenas. Estuvo en Sicilia, en la corte de Hierón de Siracusa, donde entró en contacto con los círculos pitagóricos. De 73 títulos conocidos aproximadamente, se han conservado siete tragedias, de las que dos, Las suplicantes y Prometeo encadenado, no tienen datación. En las obras de Esquilo se refleja la Grecia de su tiempo, donde la convivencia se fue organizando de acuerdo a formas de mayor participación y se racionalizaron las normas de justicia, confiadas a la imparcialidad del poder público. Atenas asumió cada vez más el papel de la ciudad de la democracia, contra la sed de conquista de los persas. Después de obtener el éxito entre sus contemporáneos Esquilo fue relegado a un segundo plano y sólo a través de los románticos fue vuelto a descubrir por la cultura europea. Entre sus obras están: Orestíada (Agamemnón, Las Coéforas, Las Euménides), Los siete contra Tebas, y Los persas. 
649 |a XX 
650 |a Tragedia Griega 
650 |a Tragedia Clásica 
650 |a Teatro Griego 
650 |a Teatro Clásico 
650 |a Literatura Griega -  |y Siglo V a.C. 
650 |a Literatura Clásica -  |y Siglo V a.C. 
740 4 |a Las suplicantes /  |c Esquilo ; introd. y tr. por A.M. Garibay K. 
740 4 |a Los persas /  |c Esquilo ; introd. y tr. por A.M. Garibay K. 
740 4 |a Los siete contra Tebas /  |c Esquilo ; introd. y tr. por A.M. Garibay K. 
740 0 |a Prometeo encadenado /  |c Esquilo ; introd. y tr. por A.M. Garibay K. 
740 0 |a Trilogía de Orestes :  |b Agamemnón /  |c Esquilo ; introd. y tr. por A.M. Garibay K. 
740 0 |a Trilogía de Orestes :  |b Coéforas /  |c Esquilo ; introd. y tr. por A.M. Garibay K. 
740 0 |a Trilogía de Orestes :  |b Euménides /  |c Esquilo ; introd. y tr. por A.M. Garibay K. 
700 |a Garibay K., Angel María  |e (introducción y traducción) 
910 |a Fondo General 
920 |a Impresos - Libros 
930 |a Colección General 
940 |a Literatura 
905 |a 101 
901 |a 0500202689  |b IT1  |c LIT  |i FXC D1289  |u 20250521 
902 |a https://opac.biblio.iteso.mx/vufind/Record/000315753